000 00655nam a22002297a 4500
003 UA-OsUOA
001 95984
007 ta
008 20130313b un ||||| |||| 00| 0 ukr d
100 _aКудравец А.
090 _a821.161.3
_bК88
942 _cBK
040 _aUA-OsUOA
_brus
_cUA-OsUOA
_dUA-OsUOA
245 _aОт весны до весны
_bповесть, рассказы
300 _a348 с.
955 _a3
041 _arus
080 _a821.161.3
260 _aМ.
_bХудожественная литература
_c1986
650 7 _a82 Література. Літературознавство
_2UDC
999 _c382230
_d382230